| 000 | 01279 a2200193 4500 | ||
|---|---|---|---|
| 003 | Nust | ||
| 005 | 20221031105633.0 | ||
| 040 | _cNust | ||
| 082 | _a621.3192,GUI | ||
| 100 |
_aGuillemin, Ernst A _939032 |
||
| 245 |
_aCommunication networks Vol II : _bthe classical theory of long lines, filters and related networks / _cErnst A Guillemin |
||
| 260 |
_aJohn Wiley & Sons _bNew York _c1956 |
||
| 300 | _avii, 587 p | ||
| 505 | _aThe Engineering Formulation of the Long Line Problems (Page-1), The Steady State Solutions to the Long Line Equations (Page-33), Propagation and Characteristic Impedance Functions of the Long Line (Page-80), Characteristics of Four Terminal Networks (Page-132), Theorems Regarding Driving Point Impedances and an Extension (Page-184), Energy Functions and Linear Network Transformations (Page-222), Artificial and Lump Loaded Lines (Page-256), The Non Dissipative Uniforms Ladders Structure (Page-279), Conventional Filter Theory (Page-299), Filter Methods Based Upon The Lattice Structure (Page-378), The Transient Behavior of Filters (Page-461), Simulative and Corrective Networks (Page-508), | ||
| 538 | _aAlmirah No.31 Shelf No.4 | ||
| 600 |
_aErnst A Guillemin _9101866 |
||
| 650 |
_aCommunication networks Vol II _9101867 |
||
| 942 |
_2ddc _cBK |
||
| 999 |
_c180663 _d180663 |
||